000 00338nam a2200157Ia 4500
100 _aChari/ S.N. etc
650 _aChemistry
942 _cBK
654 _achemistry
245 _aExperiments in Applied Chemistry
260 _bEverest pub.
_aBombay
_c1998
082 _a660
_bCHA
300 _a54
546 _aENGLISH
999 _c35399
_d35399